Štáty Európskej únie začali ostrú debatu o ústave
Závery gréckeho summitu (jún 2003) krajín EÚ o návrhu budúcej ústavy EÚ.
Na minha lista:
| Autor principal: | |
|---|---|
| Formato: | Capítulo de Livro |
| Idioma: | eslovaco |
| Assuntos: | |
| Tags: |
Sem tags, seja o primeiro a adicionar uma tag!
|
MARC
| LEADER | 00000naa a2200000 4500 | ||
|---|---|---|---|
| 001 | r049162 | ||
| 005 | 20230925124519.3 | ||
| 041 | 0 | |a slo | |
| 044 | |a SK | ||
| 245 | 1 | 0 | |a Štáty Európskej únie začali ostrú debatu o ústave |c Milan Fridrich |
| 520 | |a Závery gréckeho summitu (jún 2003) krajín EÚ o návrhu budúcej ústavy EÚ. | ||
| 610 | 2 | 0 | |a Európska únia |
| 610 | 2 | 0 | |a ústava |
| 610 | 2 | 0 | |a summity |
| 610 | 2 | 0 | |a Grécko |
| 100 | 1 | |a Fridrich, Milan | |